[Event "Scarborough CC Winter End U1800"]
[Site "Toronto CAN"]
[Date "2012.02.16"]
[Round "1"]
[White "Super, Russell"]
[Black "Mahendran, Sujeev"]
[Result "0-1"]
[WhiteElo "1427"]
[BlackElo "1625"]
[PlyCount "86"]
[GameId "2160767909576441"]
[EventDate "2012.02.16"]
[EventType "swiss"]
[EventRounds "5"]
[EventCountry "CAN"]
[SourceTitle "EXT 2022"]
[Source "ChessBase"]
[SourceDate "2021.10.06"]
[SourceVersion "1"]
[SourceVersionDate "2021.10.06"]
[SourceQuality "1"]

1. e4 e5 2. Nf3 d6 3. d4 Nc6 4. dxe5 Nxe5 5. Nxe5 dxe5 6. Qxd8+ Kxd8 7. Bc4 f5 8. exf5 Bxf5 9. Bb3 Nf6 10. O-O Bd6 11. Re1 Re8 12. Nd2 b5 13. Nf3 h6 14. h3 a5 15. c3 a4 16. Bd1 c5 17. Be3 Nd5 18. Rc1 Nxe3 19. fxe3 c4 20. Bc2 Bd7 21. Rcd1 Kc7 22. Rd2 Bc5 23. Kf2 Bc6 24. Red1 Rf8 25. Ke2 e4 26. Ne5 Rf6 27. Nxc6 Raf8 28. Rg1 Rf2+ 29. Ke1 Bxe3 30. Nd4 Bxd2+ 31. Kd1 Re8 32. Nxb5+ Kc6 33. Bxa4 Kb6 34. Nd6 Rd8 35. Nxc4+ Ka7 36. Kc2 Bg5+ 37. Kb1 e3 38. Ne5 Rdd2 39. Nc4 Rxg2 40. Rxg2 Rxg2 41. Nxe3 Bxe3 42. Bc6 Rg1+ 43. Kc2 g5 0-1

[Event "Scarborough CC Winter End U1800"]
[Site "Toronto CAN"]
[Date "2012.02.16"]
[Round "1"]
[White "Thanabalachandran, Kajan"]
[Black "Pishdad, Hassan"]
[Result "1-0"]
[WhiteElo "1549"]
[BlackElo "1348"]
[PlyCount "58"]
[GameId "2160767909576442"]
[EventDate "2012.02.16"]
[EventType "swiss"]
[EventRounds "5"]
[EventCountry "CAN"]
[SourceTitle "EXT 2022"]
[Source "ChessBase"]
[SourceDate "2021.10.06"]
[SourceVersion "1"]
[SourceVersionDate "2021.10.06"]
[SourceQuality "1"]

1. e4 c5 2. Nf3 d6 3. d4 cxd4 4. Nxd4 e5 5. Nb5 a6 6. N5c3 Nf6 7. Bg5 Be7 8. Bc4 Nbd7 9. O-O Nc5 10. Re1 O-O 11. h3 Qb6 12. b3 Re8 13. Nd2 Qc7 14. Nf3 b5 15. Nd5 Nxd5 16. Bxd5 Bb7 17. c4 Bxg5 18. Nxg5 Bxd5 19. Qxd5 Rad8 20. cxb5 Qe7 21. Nf3 axb5 22. Qc6 Qd7 23. Qd5 Qb7 24. Qxb7 Nxb7 25. Re2 Nc5 26. Ne1 f6 27. f3 Ne6 28. Rd1 Rd7 29. Nc2 Rde7 1-0

[Event "Scarborough CC Winter End U1800"]
[Site "Toronto CAN"]
[Date "2012.02.16"]
[Round "1"]
[White "Veecock, Carl"]
[Black "Xu, Jeffrey"]
[Result "0-1"]
[WhiteElo "1361"]
[BlackElo "1576"]
[PlyCount "94"]
[GameId "2160767909576443"]
[EventDate "2012.02.16"]
[EventType "swiss"]
[EventRounds "5"]
[EventCountry "CAN"]
[SourceTitle "EXT 2022"]
[Source "ChessBase"]
[SourceDate "2021.10.06"]
[SourceVersion "1"]
[SourceVersionDate "2021.10.06"]
[SourceQuality "1"]

1. Nf3 c6 2. g3 d5 3. Bg2 Nf6 4. O-O Bf5 5. d3 e6 6. Bf4 Be7 7. Nc3 O-O 8. e4 dxe4 9. dxe4 Nxe4 10. Qxd8 Rxd8 11. Nxe4 Bxe4 12. c3 Nd7 13. Rad1 Nf6 14. Rxd8+ Rxd8 15. h3 Bd5 16. Nd2 Bxg2 17. Kxg2 Nd5 18. Nc4 Nxf4+ 19. gxf4 Bf6 20. Re1 b6 21. a4 Rd5 22. Ne5 Bxe5 23. fxe5 Rd2 24. b3 Kf8 25. Kf3 Ke7 26. Ke3 Rb2 27. b4 Ra2 28. Rd1 Rxa4 29. Rd6 c5 30. bxc5 bxc5 31. Rc6 Ra5 32. Rc7+ Ke8 33. Rc6 Kd7 34. Rd6+ Kc7 35. f4 Rb5 36. Kd3 Rb6 37. Rxb6 axb6 38. Kc4 Kc6 39. h4 b5+ 40. Kd3 Kd5 41. Ke3 Kc4 42. Kd2 b4 43. cxb4 Kxb4 44. Kc2 Kc4 45. Kd2 Kb3 46. Kc1 Kc3 47. Kd1 Kb2 0-1

[Event "Scarborough CC Winter End U1800"]
[Site "Toronto CAN"]
[Date "2012.02.16"]
[Round "1"]
[White "Zhao, Harry"]
[Black "Bellomo, Joe"]
[Result "0-1"]
[WhiteElo "1349"]
[BlackElo "1559"]
[PlyCount "90"]
[GameId "2160767909576445"]
[EventDate "2012.02.16"]
[EventType "swiss"]
[EventRounds "5"]
[EventCountry "CAN"]
[SourceTitle "EXT 2022"]
[Source "ChessBase"]
[SourceDate "2021.10.06"]
[SourceVersion "1"]
[SourceVersionDate "2021.10.06"]
[SourceQuality "1"]

1. e4 c5 2. Nf3 Nc6 3. d4 cxd4 4. Nxd4 Nf6 5. Nc3 a6 6. Bg5 e6 7. Nxc6 bxc6 8. e5 h6 9. Bh4 g5 10. Bg3 Nd5 11. Ne4 Be7 12. Bc4 Qa5+ 13. c3 Bb7 14. Bxd5 cxd5 15. Nd6+ Bxd6 16. exd6 Qb5 17. Be5 Rg8 18. Qc2 Rg6 19. Qe2 Qxe2+ 20. Kxe2 f6 21. Bd4 e5 22. Bb6 Kf7 23. f3 Bc6 24. a4 Ke6 25. Bc7 Ra7 26. b4 g4 27. a5 Bb5+ 28. Ke3 Ra8 29. f4 Re8 30. Rad1 exf4+ 31. Kxf4 Kf7 32. Rxd5 Bc6 33. Rdd1 Re4+ 34. Kg3 Re3+ 35. Kf2 Rxc3 36. Rd4 Rc2+ 37. Ke3 f5 38. Bd8 Re6+ 39. Kf4 Rxg2 40. Rc1 Rf2+ 41. Kg3 Ra2 42. Rd3 Rg2+ 43. Kh4 Rxh2+ 44. Kg3 Rh3+ 45. Kf2 Rxd3 0-1

[Event "Scarborough CC Winter End U1800"]
[Site "Toronto CAN"]
[Date "2012.02.16"]
[Round "1"]
[White "Zhao, Yanchun"]
[Black "Guo, Thomas"]
[Result "1-0"]
[WhiteElo "1306"]
[BlackElo "1112"]
[PlyCount "101"]
[GameId "2160767909576446"]
[EventDate "2012.02.16"]
[EventType "swiss"]
[EventRounds "5"]
[EventCountry "CAN"]
[SourceTitle "EXT 2022"]
[Source "ChessBase"]
[SourceDate "2021.10.06"]
[SourceVersion "1"]
[SourceVersionDate "2021.10.06"]
[SourceQuality "1"]

1. d4 d5 2. c4 Nf6 3. Nc3 e6 4. Bg5 h6 5. Bh4 Be7 6. Nf3 Nc6 7. e3 Ne4 8. Bxe7 Qxe7 9. a3 O-O 10. Nxe4 dxe4 11. Nd2 b6 12. Nxe4 f5 13. Nd2 Bb7 14. Be2 f4 15. Bf3 fxe3 16. fxe3 Qg5 17. Qe2 Rad8 18. b4 Ba8 19. O-O Rf7 20. c5 bxc5 21. Ne4 Qf5 22. Nxc5 Rdf8 23. Nd7 Rd8 24. Bxc6 Qg6 25. Ne5 Rxf1+ 26. Rxf1 Qg5 27. Nf7 Qe7 28. Nxd8 Qxd8 29. Bxa8 Qxa8 30. Qa6 Qe4 31. Re1 Qc2 32. Qxe6+ Kh7 33. e4 Qb2 34. Qf5+ Kg8 35. Qf2 Qc3 36. e5 Qc6 37. e6 Qe8 38. Qf7+ Qxf7 39. exf7+ Kxf7 40. b5 g5 41. g4 Kg6 42. Re7 Kf6 43. Rxc7 Ke6 44. Rxa7 Kd5 45. b6 h5 46. gxh5 g4 47. b7 g3 48. hxg3 Ke6 49. b8=Q Kf5 50. Qf4+ Ke6 51. Qe5# 1-0

[Event "Scarborough CC Winter End U1800"]
[Site "Toronto CAN"]
[Date "2012.02.23"]
[Round "2"]
[White "Aghamalian, Derick"]
[Black "Radpey, Abdolreza"]
[Result "1-0"]
[WhiteElo "1635"]
[BlackElo "1508"]
[PlyCount "29"]
[GameId "2160767909576447"]
[EventDate "2012.02.16"]
[EventType "swiss"]
[EventRounds "5"]
[EventCountry "CAN"]
[SourceTitle "EXT 2022"]
[Source "ChessBase"]
[SourceDate "2021.10.06"]
[SourceVersion "1"]
[SourceVersionDate "2021.10.06"]
[SourceQuality "1"]

1. e4 c5 2. Nf3 Nc6 3. d4 cxd4 4. Nxd4 Nf6 5. Nc3 e5 6. Ndb5 d6 7. Nd5 Nxd5 8. exd5 Qa5+ 9. Bd2 Nb4 10. a3 Nxc2+ 11. Qxc2 Qb6 12. Nc7+ Kd8 13. Nxa8 Qd4 14. Qc7+ Ke8 15. Bb5+ 1-0

[Event "Scarborough CC Winter End U1800"]
[Site "Toronto CAN"]
[Date "2012.02.23"]
[Round "2"]
[White "Cui, Gordon"]
[Black "Smith, Maurice"]
[Result "1/2-1/2"]
[WhiteElo "1388"]
[BlackElo "1496"]
[PlyCount "63"]
[GameId "2160767909576448"]
[EventDate "2012.02.16"]
[EventType "swiss"]
[EventRounds "5"]
[EventCountry "CAN"]
[SourceTitle "EXT 2022"]
[Source "ChessBase"]
[SourceDate "2021.10.06"]
[SourceVersion "1"]
[SourceVersionDate "2021.10.06"]
[SourceQuality "1"]

1. e4 d6 2. d4 Nf6 3. Nc3 g6 4. Nf3 Bg7 5. Bf4 Bg4 6. h3 Bxf3 7. Qxf3 Nc6 8. d5 Nd4 9. Qd3 c5 10. Be3 Nd7 11. Nb5 Nxb5 12. Qxb5 Qc7 13. c3 a6 14. Qa4 b5 15. Bxb5 Qd8 16. Bxd7+ Qxd7 17. Qxd7+ Kxd7 18. O-O-O Rhb8 19. Kc2 Rb7 20. Bf4 Rab8 21. b3 a5 22. Rb1 a4 23. Rhe1 axb3+ 24. Rxb3 Rxb3 25. axb3 Ra8 26. Kb2 Rb8 27. Ra1 c4 28. Ra7+ Ke8 29. b4 Rxb4+ 30. Kc2 Rb8 31. Rc7 Ra8 32. Kb2 1/2-1/2

[Event "Scarborough CC Winter End U1800"]
[Site "Toronto CAN"]
[Date "2012.02.23"]
[Round "2"]
[White "Karpik, Steve"]
[Black "Gillis, Doug"]
[Result "0-1"]
[WhiteElo "1612"]
[BlackElo "1431"]
[PlyCount "76"]
[GameId "2160767909576449"]
[EventDate "2012.02.16"]
[EventType "swiss"]
[EventRounds "5"]
[EventCountry "CAN"]
[SourceTitle "EXT 2022"]
[Source "ChessBase"]
[SourceDate "2021.10.06"]
[SourceVersion "1"]
[SourceVersionDate "2021.10.06"]
[SourceQuality "1"]

1. Nf3 d5 2. c4 d4 3. d3 Nc6 4. g3 e5 5. e4 dxe3 6. Bxe3 e4 7. Ng5 Bb4+ 8. Nc3 exd3 9. Bxd3 Nf6 10. Rc1 h6 11. Nge4 O-O 12. O-O Ne5 13. Nxf6+ Qxf6 14. Be2 Bxc3 15. Rxc3 Bh3 16. Re1 Rad8 17. Bd4 Qc6 18. f3 Bf5 19. Bf1 Rxd4 20. Qxd4 Nxf3+ 21. Rxf3 Qxf3 22. Bg2 Qg4 23. Qxg4 Bxg4 24. Re7 c5 25. Rxb7 Rd8 26. Bd5 Be6 27. Bxe6 fxe6 28. Re7 Rd4 29. Kg2 Rd2+ 30. Kf3 Rxb2 31. Rxe6 Rxa2 32. Re2 Rxe2 33. Kxe2 Kf7 34. Kd3 Ke6 35. Kc3 Ke5 36. h3 Ke4 37. Kb3 Kd4 38. g4 g5 0-1

[Event "Scarborough CC Winter End U1800"]
[Site "Toronto CAN"]
[Date "2012.02.23"]
[Round "2"]
[White "Li, Yinshi"]
[Black "Kurkowski, Ken"]
[Result "1-0"]
[WhiteElo "1691"]
[BlackElo "1598"]
[PlyCount "59"]
[GameId "2160767909576450"]
[EventDate "2012.02.16"]
[EventType "swiss"]
[EventRounds "5"]
[EventCountry "CAN"]
[SourceTitle "EXT 2022"]
[Source "ChessBase"]
[SourceDate "2021.10.06"]
[SourceVersion "1"]
[SourceVersionDate "2021.10.06"]
[SourceQuality "1"]

1. d4 Nf6 2. c4 g6 3. Nc3 d5 4. cxd5 Nxd5 5. e4 Nxc3 6. bxc3 Bg7 7. Bc4 O-O 8. Be3 c5 9. Ne2 Nc6 10. O-O Qa5 11. Qb3 b6 12. Rab1 cxd4 13. cxd4 Bb7 14. f3 Rad8 15. Rfd1 e6 16. Bb5 Ba6 17. a4 Rc8 18. Bf2 Rfd8 19. Be1 Nxd4 20. Nxd4 Bxd4+ 21. Rxd4 Rxd4 22. Bxa5 Bxb5 23. Qxb5 bxa5 24. Qxa5 Rcc4 25. Rb8+ Kg7 26. Qe5+ Kh6 27. Rg8 Rd1+ 28. Kf2 Rc2+ 29. Kg3 Rdd2 30. Qf4+ 1-0

[Event "Scarborough CC Winter End U1800"]
[Site "Toronto CAN"]
[Date "2012.02.23"]
[Round "2"]
[White "Liang, Phillip"]
[Black "Azizi, Hamid"]
[Result "1-0"]
[WhiteElo "1532"]
[BlackElo "1409"]
[PlyCount "97"]
[GameId "2160767909576451"]
[EventDate "2012.02.16"]
[EventType "swiss"]
[EventRounds "5"]
[EventCountry "CAN"]
[SourceTitle "EXT 2022"]
[Source "ChessBase"]
[SourceDate "2021.10.06"]
[SourceVersion "1"]
[SourceVersionDate "2021.10.06"]
[SourceQuality "1"]

1. e4 d5 2. exd5 Nf6 3. Bb5+ Bd7 4. Bc4 c6 5. dxc6 Nxc6 6. Nc3 a6 7. Nge2 Qc7 8. Bb3 g6 9. d4 Bg7 10. Bf4 Qa5 11. Qd2 O-O 12. f3 Rad8 13. O-O-O b5 14. Bh6 e5 15. Bxg7 Kxg7 16. d5 b4 17. Ne4 Nxd5 18. Qxd5 Qb6 19. Qc5 Qc7 20. Rd2 f5 21. Ng5 e4 22. Rhd1 exf3 23. Nxf3 f4 24. Ba4 Rf5 25. Rd5 Rxd5 26. Qxd5 Be8 27. Qe4 Rxd1+ 28. Kxd1 Kf8 29. Bxc6 Bxc6 30. Qxb4+ Kg7 31. Qxf4 Qb6 32. Qd4+ Qxd4+ 33. Nexd4 Bd5 34. b3 Kf6 35. c4 Be4 36. Kd2 Ke7 37. Ke3 Ba8 38. g4 Kd6 39. b4 h6 40. Kf4 a5 41. a3 a4 42. g5 hxg5+ 43. Kxg5 Be4 44. Kf6 Bb1 45. Nb5+ Kc6 46. Ne5+ Kb6 47. Nxg6 Kc6 48. h4 Bd3 49. Ne5+ 1-0

[Event "Scarborough CC Winter End U1800"]
[Site "Toronto CAN"]
[Date "2012.02.23"]
[Round "2"]
[White "Pishdad, Hassan"]
[Black "Super, Russell"]
[Result "1-0"]
[WhiteElo "1348"]
[BlackElo "1427"]
[PlyCount "69"]
[GameId "2160767909576452"]
[EventDate "2012.02.16"]
[EventType "swiss"]
[EventRounds "5"]
[EventCountry "CAN"]
[SourceTitle "EXT 2022"]
[Source "ChessBase"]
[SourceDate "2021.10.06"]
[SourceVersion "1"]
[SourceVersionDate "2021.10.06"]
[SourceQuality "1"]

1. d4 Nf6 2. c4 g6 3. Nf3 Bg7 4. Nc3 d5 5. e3 O-O 6. h3 e6 7. cxd5 Nxd5 8. Bd3 Nxc3 9. bxc3 c5 10. Ba3 b6 11. Be4 Nc6 12. Bxc6 Rb8 13. O-O Qc7 14. Bb5 Rd8 15. Qe2 Bb7 16. Rac1 Rbc8 17. Rfd1 c4 18. Ba4 Rd5 19. Bb4 b5 20. Bc2 Rh5 21. e4 f5 22. exf5 exf5 23. Qe6+ Kh8 24. Bd6 Qd8 25. Ne5 Qe8 26. Qxe8+ Rxe8 27. Re1 Bd5 28. a4 a6 29. axb5 axb5 30. Rb1 Rd8 31. Bc5 Bh6 32. Re2 f4 33. Rxb5 g5 34. Be7 Re8 35. Bf6+ 1-0

[Event "Scarborough CC Winter End U1800"]
[Site "Toronto CAN"]
[Date "2012.02.23"]
[Round "2"]
[White "Song, Eric"]
[Black "Zhao, Yanchun"]
[Result "0-1"]
[WhiteElo "1674"]
[BlackElo "1306"]
[PlyCount "48"]
[GameId "2160767909576453"]
[EventDate "2012.02.16"]
[EventType "swiss"]
[EventRounds "5"]
[EventCountry "CAN"]
[SourceTitle "EXT 2022"]
[Source "ChessBase"]
[SourceDate "2021.10.06"]
[SourceVersion "1"]
[SourceVersionDate "2021.10.06"]
[SourceQuality "1"]

1. e4 c5 2. Nf3 Nc6 3. d4 cxd4 4. Nxd4 Nf6 5. Nc3 e5 6. Ndb5 d6 7. Bc4 a6 8. Na3 b5 9. Bd5 Nxd5 10. Nxd5 Bb7 11. c3 Ne7 12. Nxe7 Bxe7 13. Qd3 O-O 14. O-O Qc7 15. Rd1 Qc6 16. f3 Rad8 17. Qe2 d5 18. exd5 Rxd5 19. Rxd5 Qxd5 20. Nc2 Rd8 21. Be3 e4 22. fxe4 Qxe4 23. Re1 Bh4 24. g3 Qh1+ 0-1

[Event "Scarborough CC Winter End U1800"]
[Site "Toronto CAN"]
[Date "2012.02.23"]
[Round "2"]
[White "Termeer, Ted"]
[Black "Ward, Dean"]
[Result "0-1"]
[WhiteElo "1352"]
[BlackElo "1743"]
[PlyCount "70"]
[GameId "2160767909576454"]
[EventDate "2012.02.16"]
[EventType "swiss"]
[EventRounds "5"]
[EventCountry "CAN"]
[SourceTitle "EXT 2022"]
[Source "ChessBase"]
[SourceDate "2021.10.06"]
[SourceVersion "1"]
[SourceVersionDate "2021.10.06"]
[SourceQuality "1"]

1. Nf3 Nc6 2. d4 d5 3. e3 a6 4. c4 Bg4 5. a3 e6 6. b3 Nf6 7. h3 Bh5 8. g4 Bg6 9. Nh4 Bxb1 10. Rxb1 Ne4 11. Ng2 Nc3 12. Qc2 Nxb1 13. Qxb1 Bd6 14. c5 Be7 15. Bd3 h6 16. b4 O-O 17. h4 e5 18. Bb2 e4 19. Be2 f5 20. gxf5 Rxf5 21. Bg4 Rf6 22. h5 Qf8 23. Qc2 Rd8 24. Nf4 Rxf4 25. exf4 Qxf4 26. Be6+ Kh8 27. Qd2 Qf3 28. Rh3 Qg2 29. Qe3 Qg1+ 30. Ke2 Bg5 31. Qg3 Qb1 32. Qc3 Bf6 33. Qc1 Nxd4+ 34. Kd2 Bg5+ 35. Re3 Nb3+ 0-1

[Event "Scarborough CC Winter End U1800"]
[Site "Toronto CAN"]
[Date "2012.02.23"]
[Round "2"]
[White "Tismenko, Dennis"]
[Black "Azmitia, Gabriel"]
[Result "1-0"]
[WhiteElo "1401"]
[BlackElo "1573"]
[PlyCount "75"]
[GameId "2160767909576455"]
[EventDate "2012.02.16"]
[EventType "swiss"]
[EventRounds "5"]
[EventCountry "CAN"]
[SourceTitle "EXT 2022"]
[Source "ChessBase"]
[SourceDate "2021.10.06"]
[SourceVersion "1"]
[SourceVersionDate "2021.10.06"]
[SourceQuality "1"]

1. e4 e5 2. Nf3 Nc6 3. d4 exd4 4. Bc4 h6 5. c3 Na5 6. Be2 dxc3 7. Nxc3 Bb4 8. Qd4 Nc6 9. Qxg7 Qf6 10. Qxf6 Nxf6 11. Bd2 d6 12. a3 Bxc3 13. Bxc3 Ke7 14. O-O-O Be6 15. e5 dxe5 16. Nxe5 Nxe5 17. Bxe5 Rhd8 18. Bxc7 Rxd1+ 19. Kxd1 Rc8 20. Bf4 Ne4 21. Be3 Bb3+ 22. Ke1 Rc2 23. Bd3 Rxb2 24. Bxe4 Bc4 25. Kd1 Ke6 26. Bxa7 b6 27. Re1 Kf6 28. Bc2 Rb5 29. a4 Rd5+ 30. Kc1 Rd6 31. Bb8 Rc6 32. Be5+ Kg5 33. Kb2 Re6 34. Bc3 Rc6 35. Re5+ Kf4 36. Rf5+ Kg4 37. f3+ Kh4 38. Be1# 1-0

[Event "Scarborough CC Winter End U1800"]
[Site "Toronto CAN"]
[Date "2012.02.23"]
[Round "2"]
[White "Verde, Pino"]
[Black "Maister, Martin"]
[Result "0-1"]
[WhiteElo "1607"]
[BlackElo "1711"]
[PlyCount "70"]
[GameId "2160767909576456"]
[EventDate "2012.02.16"]
[EventType "swiss"]
[EventRounds "5"]
[EventCountry "CAN"]
[SourceTitle "EXT 2022"]
[Source "ChessBase"]
[SourceDate "2021.10.06"]
[SourceVersion "1"]
[SourceVersionDate "2021.10.06"]
[SourceQuality "1"]

1. e4 c5 2. Nf3 d6 3. d4 cxd4 4. Nxd4 Nf6 5. Nc3 a6 6. g3 g6 7. Be3 Bg7 8. f4 Nc6 9. Bg2 O-O 10. Nxc6 bxc6 11. e5 Ng4 12. Qe2 Nxe3 13. Qxe3 Qc7 14. exd6 exd6 15. O-O-O Bg4 16. Rde1 Rab8 17. h3 Bd7 18. Qd3 Qb6 19. b3 Qb4 20. Nb1 Qa5 21. a3 d5 22. b4 Qb6 23. Bf1 a5 24. c3 axb4 25. axb4 Bf5 26. Qd2 c5 27. b5 c4 28. Qxd5 Qf2 29. Re2 Qxg3 30. Rd2 Bxb1 31. Kxb1 Qxc3 32. Bxc4 Ra8 33. Ba2 Qa1+ 34. Kc2 Qxa2+ 35. Kd1 Qxd5 0-1

[Event "Scarborough CC Winter End U1800"]
[Site "Toronto CAN"]
[Date "2012.02.23"]
[Round "2"]
[White "Zhong, Joey"]
[Black "Veecock, Carl"]
[Result "1-0"]
[WhiteElo "1451"]
[BlackElo "1361"]
[PlyCount "69"]
[GameId "2160767909576457"]
[EventDate "2012.02.16"]
[EventType "swiss"]
[EventRounds "5"]
[EventCountry "CAN"]
[SourceTitle "EXT 2022"]
[Source "ChessBase"]
[SourceDate "2021.10.06"]
[SourceVersion "1"]
[SourceVersionDate "2021.10.06"]
[SourceQuality "1"]

1. d4 e6 2. c4 Bb4+ 3. Bd2 Bxd2+ 4. Qxd2 Ne7 5. Nf3 Nbc6 6. Nc3 d6 7. e4 Bd7 8. Be2 Ng6 9. O-O Qf6 10. Rfd1 a6 11. a3 Qf4 12. Qc2 Qf6 13. b4 Na7 14. c5 O-O 15. e5 dxe5 16. dxe5 Qe7 17. Ne4 Rfd8 18. Neg5 f6 19. exf6 Qxf6 20. Bd3 Be8 21. Re1 Bf7 22. Re3 Qxa1+ 23. Re1 Qf6 24. Bc4 Re8 25. Qb3 Nf8 26. Ne4 Qe7 27. Ne5 h6 28. Re3 Nc6 29. Ng4 Nd4 30. Qc3 Rad8 31. Rg3 Nf5 32. Nxh6+ Kh7 33. Nxf5 Rd1+ 34. Bf1 Rdd8 35. Qxg7# 1-0

[Event "Scarborough CC Winter End U1800"]
[Site "Toronto CAN"]
[Date "2012.03.01"]
[Round "3"]
[White "Azizi, Hamid"]
[Black "Guo, Tan"]
[Result "0-1"]
[WhiteElo "1409"]
[BlackElo "1642"]
[PlyCount "78"]
[GameId "2160767909576458"]
[EventDate "2012.02.16"]
[EventType "swiss"]
[EventRounds "5"]
[EventCountry "CAN"]
[SourceTitle "EXT 2022"]
[Source "ChessBase"]
[SourceDate "2021.10.06"]
[SourceVersion "1"]
[SourceVersionDate "2021.10.06"]
[SourceQuality "1"]

1. b3 e5 2. Bb2 Nc6 3. e3 Nf6 4. Bb5 d6 5. Nc3 Bd7 6. Nge2 Be7 7. f4 a6 8. fxe5 axb5 9. exf6 Bxf6 10. O-O O-O 11. Qc1 Ne7 12. Rxf6 gxf6 13. Qf1 f5 14. Qf4 Ng6 15. Qh6 Qh4 16. Nd5 Qxh6 17. Nf6+ Kg7 18. Ng4+ Ne5 19. Nxh6 Kxh6 20. Rf1 Rxa2 21. Bc3 Rxc2 22. Nd4 Rxc3 23. dxc3 Kg6 24. Rf4 c5 25. Nf3 Nxf3+ 26. gxf3 Ra8 27. b4 Ra1+ 28. Kf2 Rc1 29. bxc5 dxc5 30. Ke2 Rxc3 31. Kd2 b4 32. e4 Kg5 33. Rxf5+ Bxf5 34. exf5 Kxf5 35. h4 Rxf3 36. h5 c4 37. h6 b3 38. Kc1 c3 39. Kd1 Rd3+ 0-1

[Event "Scarborough CC Winter End U1800"]
[Site "Toronto CAN"]
[Date "2012.03.01"]
[Round "3"]
[White "Bellomo, Joe"]
[Black "Zhong, Joey"]
[Result "0-1"]
[WhiteElo "1559"]
[BlackElo "1451"]
[PlyCount "98"]
[GameId "2160767909576459"]
[EventDate "2012.02.16"]
[EventType "swiss"]
[EventRounds "5"]
[EventCountry "CAN"]
[SourceTitle "EXT 2022"]
[Source "ChessBase"]
[SourceDate "2021.10.06"]
[SourceVersion "1"]
[SourceVersionDate "2021.10.06"]
[SourceQuality "1"]

1. e4 e6 2. d4 d5 3. Nc3 Bb4 4. e5 c5 5. a3 Bxc3+ 6. bxc3 Ne7 7. Nf3 Bd7 8. Be2 Nbc6 9. O-O Rc8 10. Re1 Na5 11. Bd2 Ba4 12. dxc5 Rxc5 13. Nd4 Nc4 14. Bxc4 Rxc4 15. Re3 Ng6 16. Rb1 Qc7 17. Qe1 a6 18. Rb4 O-O 19. Rxc4 dxc4 20. Re4 Qa5 21. Bc1 Rd8 22. h4 Rd5 23. Qe2 Rxe5 24. Nf3 Rxe4 25. Qxe4 Bc6 26. Qg4 Qd8 27. Be3 Qd1+ 28. Kh2 Bxf3 29. gxf3 Qxc2 30. Qxc4 h6 31. h5 Ne5 32. Qc8+ Kh7 33. Qxb7 Qf5 34. Kg2 Qxh5 35. Qe4+ Qg6+ 36. Qxg6+ Kxg6 37. Kg3 Kf5 38. Bd4 g6 39. Be3 h5 40. a4 Nc4 41. Bc1 e5 42. Kh4 e4 43. f4 f6 44. Kh3 g5 45. fxg5 fxg5 46. Kg2 Kg4 47. Kh2 Kf3 48. Bxg5 Kxf2 49. Bh4+ Kf3 0-1

[Event "Scarborough CC Winter End U1800"]
[Site "Toronto CAN"]
[Date "2012.03.01"]
[Round "3"]
[White "Coles, Ron"]
[Black "Tismenko, Dennis"]
[Result "1/2-1/2"]
[WhiteElo "1718"]
[BlackElo "1401"]
[PlyCount "33"]
[GameId "2160767909576460"]
[EventDate "2012.02.16"]
[EventType "swiss"]
[EventRounds "5"]
[EventCountry "CAN"]
[SourceTitle "EXT 2022"]
[Source "ChessBase"]
[SourceDate "2021.10.06"]
[SourceVersion "1"]
[SourceVersionDate "2021.10.06"]
[SourceQuality "1"]

1. e4 c5 2. Nf3 g6 3. Bc4 Nc6 4. O-O Bg7 5. c3 d6 6. d4 cxd4 7. cxd4 Bg4 8. Be3 Nf6 9. h3 Bd7 10. Nc3 O-O 11. a3 a5 12. Qd2 Qc7 13. Rac1 Rfc8 14. Bd3 Qd8 15. Rc2 e6 16. Rfc1 d5 17. Bg5 1/2-1/2

[Event "Scarborough CC Winter End U1800"]
[Site "Toronto CAN"]
[Date "2012.03.01"]
[Round "3"]
[White "Crnilovic, Grisha"]
[Black "Aghamalian, Derick"]
[Result "1-0"]
[WhiteElo "1525"]
[BlackElo "1635"]
[PlyCount "53"]
[GameId "2160767909576461"]
[EventDate "2012.02.16"]
[EventType "swiss"]
[EventRounds "5"]
[EventCountry "CAN"]
[SourceTitle "EXT 2022"]
[Source "ChessBase"]
[SourceDate "2021.10.06"]
[SourceVersion "1"]
[SourceVersionDate "2021.10.06"]
[SourceQuality "1"]

1. e4 e6 2. d4 d5 3. Nc3 Nf6 4. e5 Nfd7 5. f4 c5 6. Nf3 Nc6 7. Bb5 cxd4 8. Nxd4 Qc7 9. Be3 a6 10. Bd3 Bc5 11. Nxc6 Bxe3 12. Qf3 d4 13. Nb4 Qb6 14. Nd1 Qxb4+ 15. c3 dxc3 16. bxc3 Qxf4 17. Nxe3 Qxe5 18. O-O Nf6 19. Ng4 Nxg4 20. Qxf7+ Kd8 21. Rf4 Qe3+ 22. Kh1 e5 23. Rd1 Nf6 24. Bf5+ Bd7 25. Rxd7+ Kc8 26. Rc7+ Kb8 27. Rxb7# 1-0

[Event "Scarborough CC Winter End U1800"]
[Site "Toronto CAN"]
[Date "2012.03.01"]
[Round "3"]
[White "Dattani, Dinesh"]
[Black "Xu, Jeffrey"]
[Result "1/2-1/2"]
[WhiteElo "1312"]
[BlackElo "1576"]
[PlyCount "101"]
[GameId "2160767909576462"]
[EventDate "2012.02.16"]
[EventType "swiss"]
[EventRounds "5"]
[EventCountry "CAN"]
[SourceTitle "EXT 2022"]
[Source "ChessBase"]
[SourceDate "2021.10.06"]
[SourceVersion "1"]
[SourceVersionDate "2021.10.06"]
[SourceQuality "1"]

1. d4 Nf6 2. c4 e6 3. Nc3 Bb4 4. g3 O-O 5. Bg2 c5 6. Nf3 cxd4 7. Nxd4 Bxc3+ 8. bxc3 Qa5 9. Qb3 Nc6 10. O-O Re8 11. Nb5 Rd8 12. Bg5 a6 13. Bxf6 gxf6 14. Nd6 Qc5 15. Qd1 Rb8 16. Rb1 f5 17. Qd2 f6 18. Rfd1 Kg7 19. Qf4 Ra8 20. Nxc8 Raxc8 21. Rxb7 Ne5 22. Rd4 Qa3 23. Qd2 Qc5 24. Rdxd7+ Rxd7 25. Rxd7+ Nxd7 26. Qxd7+ Kg6 27. Qxe6 Qxc4 28. Bd5 Qc7 29. e4 fxe4 30. Qg4+ Kh6 31. Bxe4 Rh8 32. Qf5 Qxc3 33. Qh3+ Kg7 34. Qd7+ Kh6 35. Qh3+ Kg7 36. Qd7+ Kf8 37. Bd5 Qe1+ 38. Kg2 Qe7 39. Qc8+ Kg7 40. Qg4+ Kf8 41. Qc8+ Qe8 42. Qxa6 Qe5 43. Qb7 Qe7 44. a4 Qxb7 45. Bxb7 Ke7 46. a5 Kd7 47. a6 Kc7 48. Kf3 Re8 49. Kf4 Re2 50. Kf3 Ra2 51. h4 1/2-1/2